Programa integral de calidad de aguas del río colorado año 2002 /
Guardado en:
| Autor Principal: | |
|---|---|
| Otros Autores: | , |
| Formato: | Libro |
| Publicado: |
Bahía Blanca :
Coirco,
2003
|
| Materias: | |
| Etiquetas: |
Agregar Etiqueta
Sin Etiquetas, Sea el primero en etiquetar este registro!
|
| LEADER | 00650nam a22002295a 4500 | ||
|---|---|---|---|
| 001 | CEM.cems011344 | ||
| 005 | 20060214000000.0 | ||
| 008 | 130507s2003##################000#0#####d | ||
| 003 | CEMS | ||
| 082 | 0 | 4 | |a F574.5 |
| 100 | 1 | |a Alcalde, Ricardo | |
| 245 | 1 | 0 | |a Programa integral de calidad de aguas del río colorado año 2002 / |
| 260 | |a Bahía Blanca : |b Coirco, |c 2003 | ||
| 300 | |a 97 p. | ||
| 653 | |a Agua-rio colorado | ||
| 653 | |a Ecologia | ||
| 653 | |a Agua potable | ||
| 653 | |a Agua-contaminacion | ||
| 653 | |a Fc | ||
| 700 | 1 | |a Perl, Juan Enrique | |
| 700 | 1 | |a Andres, Fernando Oscar | |
| 859 | |a CEMS |b BIB. CEMS - 11 de abril |h F574.5 |i 32 |p 1944.44 |t Ej.1 | ||
